000 00674nam a2200265 a 4500
003 AR-BaBNM
005 20251128203810.0
008 082120s2002 ||||||||||||||000 | spa||
040 _cAR-BaBNM
100 1 _aAlmy, Millie
245 0 0 _aLa tarea del educador preescolar
250 _a1ª ed.
260 _aBuenos Aires
_bMarymar
_c1977
300 _a333 p.
490 0 _aCurriculum
650 4 _aDOCENTES
650 4 _aPRIMERA INFANCIA
650 4 _aAMBIENTE EDUCACIONAL
653 _aJARDINES DE INFANTES
653 _aEDUCACION INICIAL
653 _aPROCESO DE ENSEÑANZA-APRENDIZAJE
700 1 _aJusto, Luis
_etraductor
942 _cBK
998 _cCarmen
999 _c4977
_d4977